Land of Necessity (Record no. 33972)
[ view plain ]
| 000 -LEADER | |
|---|---|
| fixed length control field | 00571nam a2200121Ia 4500 |
| 008 - FIXED-LENGTH DATA ELEMENTS--GENERAL INFORMATION | |
| fixed length control field | 220620s9999||||xx |||||||||||||| ||und|| |
| 245 #0 - TITLE STATEMENT | |
| Title | Land of Necessity |
| Remainder of title | Consumer Culture in the United States–Mexico Borderlands |
| 546 ## - LANGUAGE NOTE | |
| Language note | English[eng] |
| 650 ## - SUBJECT ADDED ENTRY--TOPICAL TERM | |
| Topical term or geographic name entry element | History||United States||20th Century||Social Science||Sociology||History||Latin America||Mexico |
| 700 ## - ADDED ENTRY--PERSONAL NAME | |
| Personal name | McCrossen, Alexis||Campbell, Howard||Greenberg, Amy S.||St. John, Rachel||Serna, Laura Isabel |
| 856 ## - ELECTRONIC LOCATION AND ACCESS | |
| Uniform Resource Identifier | <a href="https://library.oapen.org/bitstream/20.500.12657/49430/1/external_content.pdf">https://library.oapen.org/bitstream/20.500.12657/49430/1/external_content.pdf</a> |
| 942 ## - ADDED ENTRY ELEMENTS (KOHA) | |
| Koha item type | E-Books |
| Withdrawn status | Lost status | Damaged status | Not for loan | Home library | Current library | Date acquired | Total Checkouts | Date last seen | Price effective from | Koha item type |
|---|---|---|---|---|---|---|---|---|---|---|
| Kerala University of Digital Sciences, Innovation and Technology Knowledge Centre | Kerala University of Digital Sciences, Innovation and Technology Knowledge Centre | 20/06/2022 | 20/06/2022 | 20/06/2022 | E-Books |